<?xml version="1.0" encoding="UTF-8"?><?xml-stylesheet type="text/xsl" href="static/style.xsl"?><OAI-PMH xmlns="http://www.openarchives.org/OAI/2.0/" xmlns:xsi="http://www.w3.org/2001/XMLSchema-instance" xsi:schemaLocation="http://www.openarchives.org/OAI/2.0/ http://www.openarchives.org/OAI/2.0/OAI-PMH.xsd"><responseDate>2026-04-13T02:25:58Z</responseDate><request verb="GetRecord" identifier="oai:www.recercat.cat:2117/192773" metadataPrefix="marc">https://recercat.cat/oai/request</request><GetRecord><record><header><identifier>oai:recercat.cat:2117/192773</identifier><datestamp>2025-07-23T03:13:17Z</datestamp><setSpec>com_2072_1033</setSpec><setSpec>col_2072_452951</setSpec></header><metadata><record xmlns="http://www.loc.gov/MARC21/slim" xmlns:dcterms="http://purl.org/dc/terms/" xmlns:xsi="http://www.w3.org/2001/XMLSchema-instance" xmlns:doc="http://www.lyncode.com/xoai" xsi:schemaLocation="http://www.loc.gov/MARC21/slim http://www.loc.gov/standards/marcxml/schema/MARC21slim.xsd">
   <leader>00925njm 22002777a 4500</leader>
   <datafield ind2=" " ind1=" " tag="042">
      <subfield code="a">dc</subfield>
   </datafield>
   <datafield ind2=" " ind1=" " tag="720">
      <subfield code="a">Marimón Segura, Adrià</subfield>
      <subfield code="e">author</subfield>
   </datafield>
   <datafield ind2=" " ind1=" " tag="260">
      <subfield code="c">2019-10</subfield>
   </datafield>
   <datafield ind2=" " ind1=" " tag="520">
      <subfield code="a">Aquest projecte neix de la voluntat de la ciutat d’Igualada de convertir-se en un focus universitari important en la Catalunya Central. Aprofitant la seva ubicació estratègica i cèntrica respecte la resta de províncies de Catalunya, així com les millores en infraestructura i comunicacions que hi ha previstes en el planejament, es vol reforçar aquesta posició amb la implementació d’una universitat de les Ciències de la Salut contenint estudis d’infermeria, nutrició i dietètica humana i fisioteràpia. El projecte també es nodreix del seu emplaçament cèntric dins la ciutat i la seva elació directa amb l’edifici adjacent del “4dHealth” d’investigació i recerca en tecnologies i sistemes mèdics, així com la previsió de construcció d’una residència universitària en la mateixa illa. Per tant, es pretén configurar un Campus Salut en tot el conjunt. El projecte consta de la unió de tres volums els quals allotgen un programa específic cada un. Es distribueix en PB+3 amb un edifici permeable respecte la ciutat i el seu entorn. El programa s’ubica estratègicament en les diferents plantes, respectant la diferència entre els seus usos. A partir d’un hall central amb un espai a alçada complerta, es distribueixen la resta d’espais i es guanya il·luminació natural així com un espai de trobada central en l’edifici.</subfield>
   </datafield>
   <datafield tag="653" ind2=" " ind1=" ">
      <subfield code="a">Àrees temàtiques de la UPC::Arquitectura::Tipologies d'edificis</subfield>
   </datafield>
   <datafield tag="653" ind2=" " ind1=" ">
      <subfield code="a">College buildings</subfield>
   </datafield>
   <datafield tag="653" ind2=" " ind1=" ">
      <subfield code="a">Edificis universitaris</subfield>
   </datafield>
   <datafield ind2="0" ind1="0" tag="245">
      <subfield code="a">Universitat de Ciències de la Salut (UDL)</subfield>
   </datafield>
</record></metadata></record></GetRecord></OAI-PMH>